000 00642nam a22002177a 4500
003 OSt
005 20240530073924.0
008 100812s2019 dr a 000 0 spa d
020 _a9789945090987
040 _aDO-SdBNP
_bspa
_cBNPHHU
082 4 _aRD863.5
_bG216e
_222
100 1 _aGarcia, Ruthy
_933511
245 1 0 _aEl inductor /
_cRuthy Garcia
246 _aEl inductor :
_bla venganza es un viaje sin retorno /
260 _aSanto Domingo;
_a[s.n.],
_c[20--]
300 _a137 p. :
_bil.
_c23 cm.
590 _aInventariado, 2020 /YL
650 0 _aNovela dominicana
_9223
650 4 _aLiteratura dominicana
_979876
942 _2ddc
_cLBS1
999 _c49029
_d49029